Fr. Conceicao Rodrigues College of Engineering

Proceedings of International conference on advances in Machine Design and industry automation 10-12 January 2007 (Record no. 32420)

MARC details
000 -LEADER
fixed length control field 00388nam a2200133Ia 4500
100 ## - MAIN ENTRY--PERSONAL NAME
Personal name Kajale/S.R/ Ingle/R.B
245 ## - TITLE STATEMENT
Title Proceedings of International conference on advances in Machine Design and industry automation 10-12 January 2007
260 ## - PUBLICATION, DISTRIBUTION, ETC.
Name of publisher, distributor, etc. Tata Mc Graw hill Ltd.
Date of publication, distribution, etc. 2007
300 ## - PHYSICAL DESCRIPTION
Extent 599
546 ## - LANGUAGE NOTE
Language note ENGLISH
-- Info.Tech
650 ## - SUBJECT ADDED ENTRY--TOPICAL TERM
Topical term or geographic name entry element Proceedings
942 ## - ADDED ENTRY ELEMENTS (KOHA)
Koha item type BOOK
Holdings
Withdrawn status Lost status Damaged status Not for loan Collection Home library Current library Date acquired Total Checkouts Full call number Barcode Date last seen Price effective from Koha item type
        CRC Fr. Agnel's C.Rodrigues College of Engineering Fr. Agnel's C.Rodrigues College of Engineering 17/03/2023   20722 17/03/2023   BOOK